000 00350nam a2200145Ia 4500
100 _aBoth/ C.J.
942 _cBK
654 _aComputer
245 _aThe worlds radiobroad casting stations and european FM/TV
260 _bNewness tech. Books
_aNew Delhi
_c1981
082 _a621.38411
_bBOT
300 _a214
546 _aENGLISH
999 _c29579
_d29579